| 000 -LEADER |
| fixed length control field |
01543cam a2200373 i 4500 |
| 001 - CONTROL NUMBER |
| control field |
1039046979004786 |
| 003 - CONTROL NUMBER IDENTIFIER |
| control field |
OSt |
| 005 - DATE AND TIME OF LATEST TRANSACTION |
| control field |
20260204140219.0 |
| 008 - FIXED-LENGTH DATA ELEMENTS--GENERAL INFORMATION |
| fixed length control field |
150121t20151969enk 001 0 eng d |
| 020 ## - INTERNATIONAL STANDARD BOOK NUMBER |
| International Standard Book Number |
9781473611528 |
| Qualifying information |
(pbk.) |
| 035 ## - SYSTEM CONTROL NUMBER |
| System control number |
(OCoLC)1010642770 |
| Canceled/invalid control number |
(OCoLC)1105371247 |
| 035 ## - SYSTEM CONTROL NUMBER |
| System control number |
(OCoLC)on1010642770 |
| 040 ## - CATALOGING SOURCE |
| Original cataloging agency |
SAKAP |
| Language of cataloging |
eng |
| Description conventions |
rda |
| Transcribing agency |
SAKAP |
| Modifying agency |
OCLCO |
| -- |
OCLCF |
| -- |
UKOBU |
| -- |
UKMGB |
| -- |
LTSCA |
| -- |
OCLCQ |
| -- |
OCLCO |
| -- |
OCLCQ |
| -- |
OCLCO |
| -- |
KH8 |
| 042 ## - AUTHENTICATION CODE |
| Authentication code |
nbic |
| 043 ## - GEOGRAPHIC AREA CODE |
| Geographic area code |
n-us--- |
| 082 04 - DEWEY DECIMAL CLASSIFICATION NUMBER |
| Classification number |
338.0973 BRO |
| Edition number |
23 |
| 100 1# - MAIN ENTRY--PERSONAL NAME |
| Personal name |
Brooks, John, |
| Dates associated with a name |
1920-1993, |
| Relator term |
author. |
| 245 10 - TITLE STATEMENT |
| Title |
Business adventures : |
| Remainder of title |
twelve classic tales from the world of Wall Street / |
| Statement of responsibility, etc. |
John Brooks. |
| 264 #1 - PRODUCTION, PUBLICATION, DISTRIBUTION, MANUFACTURE, AND COPYRIGHT NOTICE |
| Place of production, publication, distribution, manufacture |
London : |
| Name of producer, publisher, distributor, manufacturer |
John Murray Learning, |
| Date of production, publication, distribution, manufacture, or copyright notice |
2015. |
| 264 #4 - PRODUCTION, PUBLICATION, DISTRIBUTION, MANUFACTURE, AND COPYRIGHT NOTICE |
| Date of production, publication, distribution, manufacture, or copyright notice |
©1969. |
| 300 ## - PHYSICAL DESCRIPTION |
| Extent |
vi, 459 pages ; |
| Dimensions |
20 cm. |
| 336 ## - CONTENT TYPE |
| Content type term |
text |
| Content type code |
txt |
| Source |
rdacontent. |
| 337 ## - MEDIA TYPE |
| Media type term |
unmediated |
| Media type code |
n |
| Source |
rdamedia. |
| 338 ## - CARRIER TYPE |
| Carrier type term |
volume |
| Carrier type code |
nc |
| Source |
rdacarrier. |
| 520 8# - SUMMARY, ETC. |
| Summary, etc. |
Hailed as a business classic by the likes of Bill Gates and Warren Buffet and widely acknowledged as a forerunner to the writing of Michael Lewis, 'Business Adventures' is an insightful and gripping look at corporate and financial life in America. |
| 650 #0 - SUBJECT ADDED ENTRY--TOPICAL TERM |
| Topical term or geographic name entry element |
Industries |
| Geographic subdivision |
United States. |
| 650 #0 - SUBJECT ADDED ENTRY--TOPICAL TERM |
| Topical term or geographic name entry element |
Finance |
| Geographic subdivision |
United States. |
| 650 #0 - SUBJECT ADDED ENTRY--TOPICAL TERM |
| Topical term or geographic name entry element |
Success in business |
| Geographic subdivision |
United States. |
| 650 #7 - SUBJECT ADDED ENTRY--TOPICAL TERM |
| Topical term or geographic name entry element |
Finance. |
| Source of heading or term |
fast |
| Authority record control number or standard number |
(OCoLC)fst00924349. |
| 650 #7 - SUBJECT ADDED ENTRY--TOPICAL TERM |
| Topical term or geographic name entry element |
Industries. |
| Source of heading or term |
fast |
| Authority record control number or standard number |
(OCoLC)fst00971852. |
| 650 #7 - SUBJECT ADDED ENTRY--TOPICAL TERM |
| Topical term or geographic name entry element |
Success in business. |
| Source of heading or term |
fast |
| Authority record control number or standard number |
(OCoLC)fst01137062. |
| 651 #7 - SUBJECT ADDED ENTRY--GEOGRAPHIC NAME |
| Geographic name |
United States. |
| Source of heading or term |
fast |
| Authority record control number or standard number |
(OCoLC)fst01204155. |
| 942 ## - ADDED ENTRY ELEMENTS (KOHA) |
| Source of classification or shelving scheme |
|
| Koha item type |
Books - Fiction |